00650 2200241 4500001002100000005001700021008004100038035002400079040001200103082000800115090001500123100002500138245006300163250001100226260002200237300003000259650002300289850001200312990002100324990002100345990002100366990002100387YOGYA-0209000007113020090227093521.0 ind  0010-020900000071130 aYOPDYOG a131 a131bGym S aGYMNASTIAR, Abdullah aSaya tidak ingin kaya tapi harus kayacAbdullah Gymnastiar aCet. 3 aBandungbMQc2006 axii, 180 hlmbilusc20 cm aKebahagiaan Sukses aYOPDYOG a33337-PD/A.08b1 a33338-PD/A.08b1 a33339-PD/A.08b1 a33340-PD/A.08b1